[A megtámadási jog kérdéséhez]
Elmentve itt :
| Dokumentumtípus: | Cikk |
|---|---|
| Megjelent: |
1892
|
| Sorozat: | A kereskedelmi jog és ismeretek tára : havi folyóirat
2 No. 14 |
| Kulcsszavak: | Jogtudomány |
| Online Access: | http://misc.bibl.u-szeged.hu/2478 |
| LEADER | 00542nab a2200157 i 4500 | ||
|---|---|---|---|
| 001 | misc2478 | ||
| 005 | 20191106144402.0 | ||
| 008 | 170607s1892 hu o 0|| hun d | ||
| 040 | |a SZTE Miscellanea Repozitórium |b hun | ||
| 041 | |a hun | ||
| 245 | 0 | 0 | |a [A megtámadási jog kérdéséhez] |h [elektronikus dokumentum] |
| 260 | |c 1892 | ||
| 300 | |a 10-22 | ||
| 490 | 0 | |a A kereskedelmi jog és ismeretek tára : havi folyóirat |v 2 No. 14 | |
| 695 | |a Jogtudomány | ||
| 856 | 4 | 0 | |u http://misc.bibl.u-szeged.hu/2478/1/kereskedelmi_002_014_010-022.pdf |z Dokumentum-elérés |